[Event "Mogi das Cruzes Catropa Memorial"]
[Site "Mogi das Cruzes"]
[Date "2014.09.07"]
[Round "5"]
[White "Sato, Alberto Akio"]
[Black "Lukjanenko Callegari, Lucca"]
[Result "1-0"]
[WhiteElo "1561"]
[BlackElo "1264"]
[PlyCount "67"]
[EventDate "2014.09.05"]
[EventType "swiss"]
[EventRounds "6"]
[EventCountry "BRA"]
[SourceTitle "CBM 162 Extra"]
[Source "ChessBase"]
[SourceDate "2014.10.17"]
[SourceVersion "1"]
[SourceVersionDate "2014.10.17"]
[SourceQuality "1"]

1. d4 f5 2. c4 e6 3. Nc3 Nf6 4. g3 g6 5. Bg2 Bg7 6. Nf3 0-0 7. 0-0 Nc6 8. a3 d5 9. cxd5 Nxd5 10. e3 e5 11. Nxd5 Qxd5 12. Nxe5 Qe6 13. Nxc6 bxc6 14. d5 Qd6 15. Rb1 Ba6 16. Re1 Rad8 17. Qb3 cxd5 18. Rd1 Bc4 19. Qb7 Ba6 20. Qb3 Rb8 21. Qxd5+ Qxd5 22. Rxd5 Bb7 23. Rd7 Bxg2 24. Kxg2 Rfd8 25. Rxc7 Rd1 26. b4 Be5 27. Rc4 Rbd8 28. Rc2 Re1 29. Rb3 Rdd1 30. Bd2 Rg1+ 31. Kh3 Rb1 32. Rd3 Bf6 33. Rd7 h5 34. Rc8+ 1-0

[Event "Mogi das Cruzes op 08"]
[Site "Mogi das Cruzes"]
[Date "2013.08.17"]
[Round "4"]
[White "Sato, Alberto Akio"]
[Black "Hoshino, Meilin"]
[Result "1-0"]
[WhiteElo "1561"]
[BlackElo "1501"]
[PlyCount "51"]
[EventDate "2013.08.16"]
[EventType "swiss"]
[EventRounds "6"]
[EventCountry "BRA"]
[SourceTitle "CBM 155 Extra"]
[Source "ChessBase"]
[SourceDate "2013.08.26"]
[SourceVersion "1"]
[SourceVersionDate "2013.08.26"]
[SourceQuality "1"]

1. d4 Nf6 2. c4 g6 3. Nc3 d5 4. cxd5 Nxd5 5. e4 Nxc3 6. bxc3 Bg7 7. Nf3 0-0 8. Be2 c5 9. 0-0 cxd4 10. cxd4 b6 11. Re1 Bb7 12. Bc4 Nc6 13. e5 Qc7 14. Bb2 e6 15. Rc1 Rad8 16. Qc2 Qb8 17. Ba3 Rfe8 18. Bd6 Qc8 19. Bb5 a5 20. Bxc6 Bxc6 21. Qxc6 Qa6 22. Qc4 Qa7 23. Qb5 Rd7 24. Rc7 Rxc7 25. Qxe8+ Bf8 26. Qxf8# 1-0

[Event "Sao Bernardo do Campo op"]
[Site "Sao Bernardo do Campo"]
[Date "2013.05.24"]
[Round "1"]
[White "Sato, Alberto Akio"]
[Black "Dias da Silva, Adriano"]
[Result "0-1"]
[WhiteElo "1554"]
[BlackElo "2036"]
[PlyCount "68"]
[EventDate "2013.05.24"]
[EventType "swiss"]
[EventRounds "6"]
[EventCountry "BRA"]
[SourceTitle "CBM 154 Extra"]
[Source "ChessBase"]
[SourceDate "2013.06.25"]
[SourceVersion "2"]
[SourceVersionDate "2013.06.25"]
[SourceQuality "1"]

1. d4 Nf6 2. c4 e5 3. dxe5 Ng4 4. Nf3 Nc6 5. Bf4 Bb4+ 6. Nbd2 Qe7 7. a3 Bc5 8. e3 a5 9. Be2 Ngxe5 10. 0-0 0-0 11. Nxe5 Nxe5 12. Nf3 d6 13. Qc2 Ng6 14. Bg3 Bd7 15. Rad1 Bc6 16. Nd4 Be4 17. Bd3 Rae8 18. Nb3 Bb6 19. Rd2 f5 20. Qc3 a4 21. Nd4 f4 22. exf4 Bxd3 23. Rxd3 Nxf4 24. Bxf4 Rxf4 25. Nf3 Qf7 26. Re1 Rxe1+ 27. Qxe1 Rxc4 28. h3 h6 29. Kh1 Qf4 30. Nd2 Rc2 31. Qe8+ Kh7 32. Qe4+ Qxe4 33. Nxe4 Rxb2 34. f3 Rb3 0-1

[Event "Sao Bernardo do Campo op"]
[Site "Sao Bernardo do Campo"]
[Date "2012.09.15"]
[Round "3"]
[White "Queiroz, Alberto Becker"]
[Black "Sato, Alberto Akio"]
[Result "1-0"]
[WhiteElo "1941"]
[BlackElo "1580"]
[PlyCount "33"]
[EventDate "2012.09.14"]
[EventType "swiss"]
[EventRounds "6"]
[EventCountry "BRA"]
[SourceTitle "CBM 150 Extra"]
[Source "ChessBase"]
[SourceDate "2012.10.19"]
[SourceVersion "1"]
[SourceVersionDate "2012.10.19"]
[SourceQuality "1"]

1. e4 c5 2. Nc3 Nc6 3. Nf3 Nf6 4. Bb5 a6 5. Bxc6 bxc6 6. 0-0 d6 7. b3 g6 8. e5 Nd5 9. exd6 Qxd6 10. Bb2 Nxc3 11. Bxc3 Rg8 12. Ne5 Be6 13. Re1 Bg7 14. Qf3 Qd5 15. Qf4 f6 16. Nd3 Rc8 17. Qe3 1-0

[Event "Sao Bernardo do Campo op"]
[Site "Sao Bernardo do Campo"]
[Date "2012.09.14"]
[Round "1"]
[White "Rodrigues, Edgar"]
[Black "Sato, Alberto Akio"]
[Result "1-0"]
[WhiteElo "2194"]
[BlackElo "1580"]
[PlyCount "45"]
[EventDate "2012.09.14"]
[EventType "swiss"]
[EventRounds "6"]
[EventCountry "BRA"]
[SourceTitle "CBM 150 Extra"]
[Source "ChessBase"]
[SourceDate "2012.10.19"]
[SourceVersion "1"]
[SourceVersionDate "2012.10.19"]
[SourceQuality "1"]

1. e4 c5 2. Nf3 d6 3. d4 cxd4 4. Nxd4 Nf6 5. Nc3 a6 6. f4 e6 7. Qf3 Be7 8. Bd3 0-0 9. Be3 Qc7 10. g4 e5 11. Nf5 Nc6 12. g5 Ne8 13. Nxe7+ Nxe7 14. f5 f6 15. Rg1 fxg5 16. Bxg5 Nf6 17. Qg3 Nh5 18. Qh4 Nf6 19. Bxf6 Rf7 20. Bxe7 Qxe7 21. Qxe7 Rxe7 22. Nd5 Rf7 23. Nb6 1-0

[Event "Mogi das Cruzes op 08"]
[Site "Mogi das Cruzes"]
[Date "2012.09.02"]
[Round "5"]
[White "Sato, Alberto Akio"]
[Black "Nakata, Thifanni Harumi"]
[Result "0-1"]
[WhiteElo "1580"]
[BlackElo "1436"]
[PlyCount "82"]
[EventDate "2012.08.31"]
[EventType "swiss"]
[EventRounds "6"]
[EventCountry "BRA"]
[SourceTitle "CBM 150 Extra"]
[Source "ChessBase"]
[SourceDate "2012.10.19"]
[SourceVersion "1"]
[SourceVersionDate "2012.10.19"]
[SourceQuality "1"]

1. d4 Nf6 2. c4 c5 3. d5 b5 4. b3 bxc4 5. bxc4 d6 6. Qc2 g6 7. Bb2 Bg7 8. Nd2 0-0 9. e4 Qc7 10. Bd3 Nbd7 11. Ngf3 Ng4 12. Bxg7 Kxg7 13. Qc3+ Kg8 14. h3 Nge5 15. 0-0 Rb8 16. Rfb1 Ba6 17. Qa3 Nxd3 18. Qxd3 Nb6 19. a4 Rb7 20. Qc3 Nd7 21. Rxb7 Bxb7 22. Nb3 Rb8 23. Rb1 Ba6 24. Nfd2 Rb4 25. a5 Ne5 26. Ra1 Nxc4 27. Nd4 Nxd2 28. Nc6 Rxe4 29. Qxd2 Re2 30. Qc3 f6 31. Re1 Rxe1+ 32. Qxe1 Kf7 33. Qe6+ Kf8 34. Qe3 g5 35. Qe4 Bb5 36. Qxh7 Bxc6 37. Qh8+ Kf7 38. Qh7+ Ke8 39. Qg8+ Kd7 40. Qe6+ Kd8 41. dxc6 Qxc6 0-1

[Event "Mogi das Cruzes op 08"]
[Site "Mogi das Cruzes"]
[Date "2012.09.01"]
[Round "3"]
[White "Sato, Alberto Akio"]
[Black "Sztokbant, Bernardo Vainzoff"]
[Result "0-1"]
[WhiteElo "1580"]
[BlackElo "2065"]
[PlyCount "42"]
[EventDate "2012.08.31"]
[EventType "swiss"]
[EventRounds "6"]
[EventCountry "BRA"]
[SourceTitle "CBM 150 Extra"]
[Source "ChessBase"]
[SourceDate "2012.10.19"]
[SourceVersion "1"]
[SourceVersionDate "2012.10.19"]
[SourceQuality "1"]

1. d4 d5 2. c4 e6 3. Nc3 Be7 4. Nf3 Nf6 5. Bg5 0-0 6. e3 h6 7. Bh4 b6 8. Bd3 Bb7 9. Bxf6 Bxf6 10. b4 c5 11. bxc5 bxc5 12. Qb3 Qb6 13. Rb1 Qxb3 14. Rxb3 Ba6 15. Nb5 dxc4 16. Bxc4 Nc6 17. dxc5 Na5 18. Ra3 Bxb5 19. Bxb5 Rab8 20. Nd4 Bxd4 21. Rxa5 Bc3+ 0-1

[Event "Sao Bernardo do Campo LXSBC op 4th"]
[Site "Sao Bernardo do Campo"]
[Date "2012.07.15"]
[Round "6"]
[White "Zachi, Felipe Parelho"]
[Black "Sato, Alberto Akio"]
[Result "0-1"]
[WhiteElo "1610"]
[BlackElo "1800"]
[PlyCount "74"]
[EventDate "2012.07.13"]
[EventType "swiss"]
[EventRounds "6"]
[EventCountry "BRA"]
[SourceTitle "CBM 149 Extra"]
[Source "ChessBase"]
[SourceDate "2012.08.24"]
[SourceVersion "1"]
[SourceVersionDate "2012.08.24"]
[SourceQuality "1"]

1. e4 c5 2. Nf3 d6 3. d4 cxd4 4. Nxd4 Nf6 5. Nc3 a6 6. g3 Bd7 7. Bg2 Nc6 8. a4 e6 9. Nb3 Be7 10. Bg5 0-0 11. Bxf6 gxf6 12. 0-0 Kh8 13. Qh5 Rg8 14. Ne2 Rg5 15. Qf3 e5 16. h4 Bg4 17. Qe3 Bxe2 18. Qxe2 Rg7 19. Bh3 f5 20. Bxf5 Bxh4 21. Kh2 Bg5 22. Kg2 Ne7 23. Bh3 Rg6 24. Rad1 Qc7 25. Rh1 Rd8 26. c3 d5 27. exd5 Rxd5 28. Rxd5 Nxd5 29. Rd1 Qc6 30. Kg1 Nf4 31. gxf4 Bxf4+ 32. Bg4 Qe6 33. Nc5 Rxg4+ 34. Kf1 Qg6 35. Qe4 Rg1+ 36. Ke2 Qg4+ 37. f3 Qg2+ 0-1

[Event "Sao Bernardo do Campo LXSBC op 4th"]
[Site "Sao Bernardo do Campo"]
[Date "2012.07.13"]
[Round "1"]
[White "Sato, Alberto Akio"]
[Black "Nascimento, Jose Eduardo Campos"]
[Result "0-1"]
[WhiteElo "1800"]
[BlackElo "1877"]
[PlyCount "90"]
[EventDate "2012.07.13"]
[EventType "swiss"]
[EventRounds "6"]
[EventCountry "BRA"]
[SourceTitle "CBM 149 Extra"]
[Source "ChessBase"]
[SourceDate "2012.08.24"]
[SourceVersion "1"]
[SourceVersionDate "2012.08.24"]
[SourceQuality "1"]

1. d4 e6 2. c4 Nf6 3. Nc3 c6 4. Bg5 Be7 5. Nf3 d5 6. e3 dxc4 7. Bxc4 Qa5 8. 0-0 h6 9. Bxf6 Bxf6 10. a4 Na6 11. Nd2 Nb4 12. Nb3 Qc7 13. Ne4 Be7 14. Nbc5 b6 15. Nd3 Nxd3 16. Qxd3 a5 17. Rfc1 Bb7 18. Bb5 Qd7 19. Bc4 0-0 20. Nd2 Rad8 21. Ba6 Ba8 22. Nb3 Qd5 23. e4 Qg5 24. Qg3 Qh5 25. Qh3 Qg6 26. Re1 c5 27. Qe3 cxd4 28. Nxd4 Bc5 29. Rad1 e5 30. Nf5 Rxd1 31. Rxd1 Qg4 32. Be2 Qxe4 33. Qxe4 Bxe4 34. Ne3 Bd4 35. b3 Rd8 36. Nc4 Bc2 37. Re1 Bxb3 38. Bf1 f6 39. Ne3 Bxa4 40. Rb1 Rb8 41. Bb5 Bxb5 42. Rxb5 a4 43. Nc4 Rc8 44. Nd2 a3 45. Nb3 a2 0-1

[Event "Mogi das Cruzes op 06"]
[Site "Mogi das Cruzes"]
[Date "2012.06.23"]
[Round "4"]
[White "Assad, Otavio Orlando"]
[Black "Sato, Alberto Akio"]
[Result "0-1"]
[WhiteElo "1666"]
[BlackElo "1800"]
[PlyCount "64"]
[EventDate "2012.06.22"]
[EventType "swiss"]
[EventRounds "6"]
[EventCountry "BRA"]
[SourceTitle "CBM 149 Extra"]
[Source "ChessBase"]
[SourceDate "2012.08.24"]
[SourceVersion "1"]
[SourceVersionDate "2012.08.24"]
[SourceQuality "1"]

1. e4 c5 2. Nf3 Nc6 3. d4 cxd4 4. Nxd4 Nf6 5. Nc3 e6 6. f4 Bc5 7. Be3 Qb6 8. Nxc6 Bxe3 9. Qd3 bxc6 10. Nd1 Ng4 11. h3 Nf2 12. Nxf2 Bxf2+ 13. Ke2 Ba6 14. c4 Qxb2+ 15. Kf3 Qxa1 16. Kxf2 Qxa2+ 17. Kg1 Rb8 18. Qd6 Qb2 19. h4 Qb4 20. Qc7 Qb6+ 21. Qxb6 Rxb6 22. Rh3 Rb1 23. Rc3 0-0 24. Kf2 Rfb8 25. Bd3 R1b3 26. Rxb3 Rxb3 27. Ke2 d5 28. exd5 cxd5 29. Bc2 Bxc4+ 30. Kd2 Rb2 31. Kc3 Rxc2+ 32. Kxc2 d4 0-1